| 000 | 00734nam a2200193Ia 4500 | ||
|---|---|---|---|
| 003 | GCL | ||
| 008 | 140319s9999 xx 000 0 ara d | ||
| 040 |
_aGCL / _cGCL |
||
| 082 | 0 | 4 |
_aق _b920 _bهـ م |
| 100 | 1 | _aالهيئة العامة للاستعلامات | |
| 245 | 1 | 0 |
_aالموسوعة القومية للشخصيات المصرية / _cالهيئة العامة للاستعلامات |
| 260 |
_aالقاهرة : _bالهيئة العامة للاستعلامات ، _c1982 |
||
| 300 |
_a4850 ص ؛ _c30سم |
||
| 650 | 0 | 4 | _aالسياسيون المصريون |
| 650 | 0 | 4 | _aالمصريون - تراجم |
| 650 | 0 | 4 | _aيحيى حقى |
| 650 | 0 | 4 | _aالسياسيون المصريون - تراجم |
| 942 |
_2ddc _cREF |
||
| 999 |
_c59474 _d59474 |
||